000 00696nam a2200205 i 4500
001 114478
003 ES-MaACL
005 20251015063114.0
007 t|
008 070302q18901900sp ||||1| spa d
100 1 _aCherbuliez, Victor,
_d1829-1899
_938355
245 1 0 _aPaula Meré
_b: novela /
_cpor Victor Cherbuliez.
260 _aMadrid :
_bLa España Moderna,
_c[189-?]
300 _a316 p. ;
_c17 cm.
490 1 _aColección de libros escogidos ;
_v91
500 _aLa Colección de libros escogidos de La España Moderna se publica entre 1890 y 1900.
830 0 _aColección de libros escogidos ;
_v91
_9181858
852 _aES-MaACL
_jA-4698
999 _c114478
_d114478